Geboren in Landsberg am Lech - Statistiken

Allgemein
  • Dieses Quiz wurde 23 mal gespielt
    6 seit der letzten Aktualisierung
  • Das Durchschnittsergebnis liegt bei 1 aus 6
Antwortstatistiken
Hinweis Antwort % Korrekt
Bundestrainer der deutschen Fußballnationalmannschaft seit 2023 1987 Julian Nagelsmann
83%
Fußballnationalspieler, Borussia Mönchengladbach 1997 Florian Neuhaus
33%
deutsch-amerikanischer Sänger und Teilnehmer am Eurovision Song Contest mit dem Song "Rockstars" 1997 Malik Harris
17%
Fernsehmoderatorin und Reporterin, sie moderiert im ZDF die Sendung "auslandsjournal" 1969 Antje Pieper
0%
Biophysiker und Nobelpreisträger für die Entwicklung einer Methode zum direkten Nachweis von Ionenkänalen in Zellmembranen 1944 Erwin Neher
0%
Basketballspielerin, New York Liberty 2000 Leonie Fiebich
0%
Keine übereinstimmenden Quizze gefunden
Verteilung der Resultate
Anzahl Personen mit jedem Resultat
Perzentil nach korrekt beantworteten Fragen
Ihre Resultats-Entwicklung
Sie haben dieses Quiz seit der letzten Aktualisierung nicht gespielt